[Event "Bois Gentil op"]
[Site "Geneve"]
[Date "2016.02.12"]
[Round "5"]
[White "Vederhus, Alf"]
[Black "Haensler, Andreas"]
[Result "1/2-1/2"]
[WhiteElo "1518"]
[BlackElo "1455"]
[PlyCount "115"]
[EventDate "2016.01.15"]
[EventType "swiss"]
[EventRounds "7"]
[EventCountry "SUI"]
[SourceTitle "EXT 2017"]
[Source "ChessBase"]
[SourceDate "2016.10.25"]
[SourceVersion "1"]
[SourceVersionDate "2016.10.25"]
[SourceQuality "1"]

1. e4 e6 2. d4 d5 3. Nd2 c5 4. c3 Nc6 5. Ngf3 cxd4 6. cxd4 Bb4 7. e5 Nge7 8. Bd3 0-0 9. a3 Ba5 10. 0-0 Bb6 11. Nb3 Bd7 12. Bg5 Qe8 13. Bc2 Ng6 14. Rc1 Rc8 15. Bb1 Bd8 16. Be3 Be7 17. Nc5 Bxc5 18. Rxc5 b6 19. Rc3 Na5 20. Rxc8 Qxc8 21. Bd3 b5 22. Nd2 Qb7 23. Nb3 Nxb3 24. Qxb3 Rc8 25. Rc1 Rxc1+ 26. Bxc1 Qc6 27. Bd2 a6 28. h3 a5 29. Qc2 Qxc2 30. Bxc2 a4 31. Kf1 Ne7 32. Ke2 f6 33. f4 h6 34. g4 Kf7 35. Kd3 fxe5 36. fxe5 g5 37. Ke3 Kg7 38. Kf3 Nc6 39. Bc3 Be8 40. Bd3 Na7 41. Kg3 Bg6 42. Bxg6 Kxg6 43. h4 gxh4+ 44. Kxh4 Nc8 45. Bd2 Nb6 46. Bc1 Nc4 47. Kg3 Nb6 48. Kf3 Nc8 49. Ke2 Ne7 50. Kd3 Nc6 51. Bd2 h5 52. gxh5+ Kxh5 53. Be3 Kg4 54. Bd2 Kf3 55. Bc1 Kf2 56. Bd2 Nb8 57. Kc3 Nc6 58. Kd3 1/2-1/2

[Event "Oslo Vederhus Memorial op B"]
[Site "Oslo"]
[Date "2013.09.29"]
[Round "8"]
[White "Lien, Johan"]
[Black "Vederhus, Alf"]
[Result "0-1"]
[WhiteElo "1398"]
[BlackElo "1278"]
[PlyCount "140"]
[EventDate "2013.09.29"]
[EventType "swiss"]
[EventRounds "9"]
[EventCountry "NOR"]
[SourceTitle "EXT 2024"]
[Source "ChessBase"]
[SourceDate "2023.10.10"]
[SourceVersion "1"]
[SourceVersionDate "2023.10.10"]
[SourceQuality "1"]

1. e4 c5 2. Nf3 e6 3. d4 cxd4 4. Nxd4 Nf6 5. Nc3 d6 6. Bb5+ Bd7 7. Bxd7+ Qxd7 8. 0-0 Be7 9. b4 Nc6 10. b5 Nxd4 11. Qxd4 Rc8 12. a4 0-0 13. Bb2 Rc7 14. Rac1 Rfc8 15. Rfe1 Rc5 16. e5 dxe5 17. Qxd7 Nxd7 18. Re2 Rc4 19. g3 h6 20. h4 Nb6 21. Ra1 Rxc3 22. Bxc3 Rxc3 23. Kg2 Nc4 24. Ra2 Na3 25. Kf1 Rc4 26. Rd2 Rc7 27. c3 Nc4 28. Rdc2 Kf8 29. Ke2 e4 30. Kd1 e3 31. Ke2 exf2 32. Kxf2 Bf6 33. Ke2 Ke7 34. Kd3 Kd6 35. Ke4 Be5 36. g4 g6 37. g5 f5+ 38. gxf6 Bxf6 39. Rh2 Bxc3 40. Rac2 Bf6 41. Rc1 Kd7 42. Rhc2 Nd6+ 43. Kf3 Rxc2 44. Rxc2 Bxh4 45. Rb2 Nc4 46. Rh2 Bg5 47. Kg4 Kd6 48. Rh1 Ne3+ 49. Kf3 Kd5 50. Rc1 Nc4 51. Rd1+ Nd2+ 52. Ke2 e5 53. Rc1 Nc4 54. Rd1+ Bd2 55. Rf1 Ke6 56. Rf8 Be3 57. Kd3 Bc5 58. Rb8 Nb2+ 59. Ke4 Nxa4 60. Rxb7 Nc3+ 61. Kd3 Nd5 62. Kc4 Bb6 63. Rh7 h5 64. Rh6 Nf4 65. Rh8 e4 66. Re8+ Kf5 67. Rf8+ Kg5 68. Re8 e3 69. Kc3 e2 70. Kd2 Ba5+ 0-1

[Event "Oslo Vederhus Memorial op B"]
[Site "Oslo"]
[Date "2013.09.29"]
[Round "2"]
[White "Machlik, Endre"]
[Black "Vederhus, Alf"]
[Result "1-0"]
[WhiteElo "1692"]
[BlackElo "1278"]
[PlyCount "37"]
[EventDate "2013.09.29"]
[EventType "swiss"]
[EventRounds "9"]
[EventCountry "NOR"]
[SourceTitle "EXT 2024"]
[Source "ChessBase"]
[SourceDate "2023.10.10"]
[SourceVersion "1"]
[SourceVersionDate "2023.10.10"]
[SourceQuality "1"]

1. d4 d5 2. c4 c6 3. Nc3 dxc4 4. a4 Nf6 5. e4 Bg4 6. Nf3 e6 7. Bxc4 Bb4 8. Qd3 0-0 9. Bg5 Be7 10. 0-0 Nbd7 11. e5 Nd5 12. Bxe7 Qxe7 13. Ne4 Bf5 14. Qe2 N7b6 15. Bxd5 Nxd5 16. Nd6 Bg6 17. Qc4 Be4 18. Nxe4 Nb6 19. Qc5 1-0

[Event "Oslo Vederhus Memorial op B"]
[Site "Oslo"]
[Date "2013.09.29"]
[Round "7"]
[White "Sjoberg, Isak"]
[Black "Vederhus, Alf"]
[Result "1/2-1/2"]
[WhiteElo "1100"]
[BlackElo "1278"]
[PlyCount "85"]
[EventDate "2013.09.29"]
[EventType "swiss"]
[EventRounds "9"]
[EventCountry "NOR"]
[SourceTitle "EXT 2024"]
[Source "ChessBase"]
[SourceDate "2023.10.10"]
[SourceVersion "1"]
[SourceVersionDate "2023.10.10"]
[SourceQuality "1"]

1. e4 c5 2. Nf3 Nc6 3. c3 d5 4. exd5 Qxd5 5. d4 e5 6. dxe5 Qxd1+ 7. Kxd1 Bg4 8. Be2 0-0-0+ 9. Bd2 Nge7 10. Na3 Ng6 11. Nc4 f6 12. exf6 gxf6 13. Kc2 Bf5+ 14. Kc1 a6 15. h4 b5 16. h5 Nge7 17. Ne3 Be4 18. Ne1 Bh6 19. Bf3 Bxf3 20. Nxf3 Rd7 21. Kc2 Rg8 22. Rhg1 Rgd8 23. Rgd1 Rg8 24. g4 Bf4 25. a3 c4 26. Rg1 Rgd8 27. Rad1 Ne5 28. Nd4 N7c6 29. Ne6 Rxd2+ 30. Rxd2 Rxd2+ 31. Kxd2 Nf3+ 32. Kc2 Nxg1 33. Nxf4 Kd7 34. b3 cxb3+ 35. Kxb3 Nf3 36. h6 Nd2+ 37. Kc2 Ne4 38. Nfd5 Ne5 39. f4 Nf7 40. Kd3 Nc5+ 41. Kd4 Ne6+ 42. Ke4 Nd6+ 43. Kf3 1/2-1/2

[Event "Oslo Vederhus Memorial op B"]
[Site "Oslo"]
[Date "2013.09.29"]
[Round "6"]
[White "Vederhus, Alf"]
[Black "Skaslien, Ingrid"]
[Result "1-0"]
[WhiteElo "1278"]
[BlackElo "967"]
[PlyCount "57"]
[EventDate "2013.09.29"]
[EventType "swiss"]
[EventRounds "9"]
[EventCountry "NOR"]
[SourceTitle "EXT 2024"]
[Source "ChessBase"]
[SourceDate "2023.10.10"]
[SourceVersion "1"]
[SourceVersionDate "2023.10.10"]
[SourceQuality "1"]

1. e4 c5 2. Nf3 Nc6 3. d4 cxd4 4. Nxd4 d6 5. Nc3 e6 6. Be2 Nf6 7. Bg5 Be7 8. Qd3 Qb6 9. Nxc6 bxc6 10. Rb1 0-0 11. 0-0 Bd7 12. Rfd1 d5 13. Qg3 Bc5 14. Bxf6 Bxf2+ 15. Qxf2 Qxf2+ 16. Kxf2 gxf6 17. Rd3 Kh8 18. Bh5 f5 19. exf5 exf5 20. Re1 Be6 21. Ne2 Rab8 22. Rb3 Rxb3 23. axb3 f6 24. Nd4 Bd7 25. Be2 c5 26. Nf3 Kg7 27. Bd3 Kg6 28. Re7 Bc8 29. Rxa7 1-0